|
|
|
|
| LEADER |
00000nam a2200000 a 4500 |
| 005 |
20131010181932.0 |
| 007 |
cr cn||||||||| |
| 008 |
201205r2009 ck |||||s|||||||||||spa d |
| 020 |
|
|
|a 9789586486125
|
| 035 |
|
|
|a 11563
|
| 040 |
|
|
|a FlNmELB
|c FlNmELB
|d BUS
|d vLex
|
| 050 |
1 |
4 |
|a HF5681.B2
|b C331 2009eb
|
| 080 |
|
|
|a 657
|
| 082 |
0 |
4 |
|a 657.3
|2 22
|
| 090 |
|
|
|c 4551
|d 4551
|
| 100 |
1 |
|
|a Carvalho Betancur, Javier Alonso.
|
| 245 |
1 |
0 |
|a Estado de resultados
|h [Recurso electrn̤ico] :
|b procesos contables /
|c Javier Alonso Carvalho.
|
| 250 |
|
|
|a 1a. ed.
|
| 256 |
|
|
|a Servicio en ln̕ea.
|
| 260 |
|
|
|a Bogot ̀:
|b Ecoe Ediciones,
|c 2009.
|
| 300 |
|
|
|a 1 recurso electrn̤ico
|
| 490 |
1 |
|
|a Ciencias administrativas. Contabilidad.
|
| 506 |
1 |
|
|a Contenido solo disponible en los productos indicados
|d vLex Global
|d vLex Global (Academic Edition, excluding Law Schools)
|d vLex Global (U.S. Academic Edition, Law Schools)
|d vLex Global (U.S. Academic Edition, excluding Law Schools)
|d vLex Global (Academic Edition, Law Schools)
|
| 650 |
0 |
4 |
|a Estado de cuentas
|z Colombia
|
| 740 |
0 |
|
|a vLex Libros (Servicio en ln̕ea)
|
| 856 |
4 |
0 |
|u http://vlex.com/source/estado-resultados-11563
|z Acceso restringido
|
| 942 |
|
|
|c BOOK
|
| 999 |
0 |
|
|a Finance
|